03893Cam#a22005775a#4500003000900000005001700009008004100026040002800067041000800095044000700103100002500110245011800135260010900253300003900362490003400401505001100435505001700446505001300463505008900476505005600565505007100621505008400692505005200776505005500828505007100883505005900954505005901013505006301072505005201135505006101187505004901248505001301297505003701310505006201347505004001409505005501449505004901504505004901553520117501602610017502777650001402952650002202966651004002988908000803028942001303036945001503049980004303064999001703107952007803124952011303202AR-RoUNA20260408103234.0140529s2014||||ag|||||f a||1 0|spa d aAR-RoUNAbspadAR-RoUNA aspa aag aMateos, Alicia9331310aUna evaluacíon del Plan Director Rosario 1991.bEl discurso enunciativo y el plan instrumentalc/ Alicia Mateos aRosario :bCURDIUR; Centro Universitario Rosario de Investigaciones Urbanas y Regionales.cjunio, 1999. a38 p. ;btablasbplanosc29x21 cm. aCuadernos del CURDIUR vv. 650 tINDICE0 tINTRODUCCION0 tPARTE 1 0 tLA EXPLICITACION DEL PLAN DIRECTOR DE LA CIUDAD DE ROSARIO. PRINCIPALES DEFINICIONES0 tLOS AVANCES PRELIMINARES - PRINCIPALES DEFINICIONES0 tEl documento de 1985. Los principios conceptuales del Plan. p. 8 0 tEl documento de 1987. La identificación de las estrategias de acción. p. 100 tLA FORMALIZACION DEL PLAN. EL DOCUMENTO DE 19910 tLa explicitación de los puntos de partida. p. 150 tLa memoria general del Plan . Presentación de contenidos.. p. 180 aLa definición de los principios de actuación. 18. 0 aLa definición de políticas de actuación. p. 19 0 aLa definición de las estrategias de actuación. p. 22. 0 aLa definición de acciones concretas. p. 25. 0 aLa definición de los mecanismos instrumentales. p. 26.0 aEl plan y las políticas sectoriales. p. 260 tPARTE II0 tUNA INTERPRETACION SOBRE EL PLAN0 tLAS PRINCIPALES DEFINICIONES DEL PLAN DE 91. UNA SINTESIS0 tLOS ASPECTOS PROBLEMATICOS DEL PLAN0 tLOS LOGROS Y LOS DEFICITS DEL PLAN. UNA EVALUACION0 aSobre el efectivo caracteres del plan. p. 390 aLos aspectos que es necesario revisar. p. 403 aLa elaboración de este Plan se abordó como reformulación del "Plan regulador Rosario" del año 1968, respetando algunas de sus estrategias y reformulando sustancialmente otras, sobre la base de la identificación de desajustes instrumentales respecto de la realidad construida de la ciudad, de la definición de nuevas necesidades a partir de transformaciones ocurridas y del reconocimiento de nuevas posibilidades de orientación desde la técnica urbanística. Paralelamente a la reelaboración de los enunciados del Plan, se ha operado en la modificación de la normativa que acompañaba al Plan del 68 (a través de una serie de proyectos normativos aprobados, y otros que se encuentran en proceso de revisión), con el objeto de regular fundamentalmente la actividad privada de construcción del espacio urbano pero también de orientan la actuación pública. La actual política municipal de dotar a la ciudad de un Plan Estratégico (en proceso de elaboración agrega complejidad a la situación. El plan Estratégico, es por definición, un instrumento mas amplio que el Plan Director, en el cual a este ultimo se debería encuadrar.24aUniversidad Nacional de Rosario. Facultad de Arquitectura, Planeamiento y Diseño.bCURDIUR (Centro Universitario Rosario de Investigaciones Urbanas y Regionales).92924 4aUrbanismo 4aPlanes directores 0aRosario (Santa Fe, Argentina)91246 aImp cLIB2udc d2023-10-25 gMaricel Allasia65aMaría Machado81 c12352d12352 00102udc4070aCURDIURbCURDIURd2026-03-03l0pLCUR-0359tej. 1yLIBx 00102cdu405070aAR-RoUNAbAR-RoUNAcMosd2026-04-08eDonl0o711.16(821.6.17) M425p18481tej. 1yLIBx